Orígenes de los vascos / (Record no. 89420)

MARC details
000 -LEADER
campo de control de longitud fija 00744nam a2200205 i 4500
001 - NÚMERO DE CONTROL
campo de control 89420
003 - IDENTIFICADOR DE NÚMERO DE CONTROL
campo de control ES-MaACL
005 - FECHA Y HORA DE LA ÚLTIMA TRANSACCIÓN
campo de control 20250730063115.0
007 - CAMPO FIJO DE DESCRIPCIÓN FÍSICA--INFORMACIÓN GENERAL
campo de control de longitud fija t|
008 - DATOS DE LONGITUD FIJA--INFORMACIÓN GENERAL
campo de control de longitud fija 050110m19591961sp a |||| | spa d
100 1# - ENTRADA PRINCIPAL--NOMBRE DE PERSONA
Nombre de persona Estornés Lasa, Bernardo,
Fechas asociadas al nombre 1907-1999
9 (RLIN) 48183
245 10 - MENCIÓN DEL TÍTULO
Título Orígenes de los vascos /
Mención de responsabilidad, etc. B.E. Lasa.
260 ## - PUBLICACIÓN, DISTRIBUCIÓN, ETC.
Lugar de publicación, distribución, etc. Zarauz :
Nombre del editor, distribuidor, etc. Icharopena,
Fecha de publicación, distribución, etc. 1959-1961.
300 ## - DESCRIPCIÓN FÍSICA
Extensión 2 v. :
Otras características físicas il. ;
Dimensiones 25 cm.
505 8# - NOTA DE CONTENIDO CON FORMATO
Nota de contenido con formato Contiene: I ;
Título Civilizaciones primitivas: albores históricos (418 p., 20 lám.) - II ;
-- Romanización, testimonio y orígenes de la lengua vasca (496 p., 15 lám.)
650 04 - PUNTO DE ACCESO ADICIONAL DE MATERIA--TÉRMINO DE MATERIA
Término de materia o nombre geográfico como elemento de entrada Vascos-
Subdivisión general Historia.
9 (RLIN) 17744
650 #4 - PUNTO DE ACCESO ADICIONAL DE MATERIA--TÉRMINO DE MATERIA
Término de materia o nombre geográfico como elemento de entrada Lengua vasca-
Subdivisión general Historia.
9 (RLIN) 154956
852 ## - LOCALIZACIÓN
Ubicación ES-MaACL
Número de control de estantería P-756
Holdings
Estatus retirado Estado de pérdida Estado de daño No para préstamo Biblioteca de origen Biblioteca actual Ubicación en estantería Fecha de adquisición Fuente de adquisición Total de préstamos Signatura topográfica completa Código de barras Visto por última vez Precio de reemplazo Tipo de ítem Koha
        Biblioteca del Ateneo de Madrid Biblioteca del Ateneo de Madrid Depósito 2 17/01/2008     P-756 1093389 23/02/2023 23/02/2023 Libro impreso